| 000 | 00559nam a2200193Ia 4500 | ||
|---|---|---|---|
| 005 | 20250508150830.0 | ||
| 008 | 008 250505s9999 xx 000 0 eng d | ||
| 037 | _aTextual | ||
| 040 |
_aFEDL _beng _cFEDL |
||
| 041 |
_aeng _2eng |
||
| 084 |
_a020, COL _qFEDL |
||
| 100 |
_aCollison R L _9757768 |
||
| 245 | 0 | _aInformation services: Their organisation and administration | |
| 260 |
_aLondon, UK _bJames Clarke and Co Ltd. _c1950 |
||
| 300 | _aiii,80p | ||
| 650 | _aLibrary science | ||
| 942 |
_cTEXL _h020, COL |
||
| 999 |
_c1325940 _d1325940 |
||